All Lil Mosey Songs - Statistics

General Stats
  • This quiz has been taken 394 times
    130 since last reset
  • The average score is 17 of 43
Answer Stats
Album Song % Correct
Certified Hitmaker Blueberry Faygo
91%
Northsbest Noticed
89%
Northsbest Kamikaze
71%
Certified Hitmaker Stuck in a Dream
69%
Northsbest Burberry Headband
53%
Northsbest Pull Up
53%
Certified Hitmaker Live This Wild
51%
Northsbest Greet Her
47%
Certified Hitmaker So Fast
47%
Northsbest Boof Pack
45%
Northsbest Bust Down Cartier
45%
Certified Hitmaker Top Gone
45%
Northsbest Yoppa
45%
Certified Hitmaker Bankroll
43%
Certified Hitmaker G Walk
42%
Certified Hitmaker Jet to the West
42%
Certified Hitmaker Rose Gold
42%
Certified Hitmaker Never Scared
41%
Certified Hitmaker Space Coupe
40%
Certified Hitmaker Speed Racin
40%
Certified Hitmaker Dreamin
39%
Northsbest Rarri
39%
Northsbest Trapstar
39%
Northsbest That's My B***h
38%
Single #7 JETSKI
37%
Certified Hitmaker Kari's World
37%
Northsbest Fu Sh*t
35%
Certified Hitmaker Rockstars
34%
Certified Hitmaker See My Baby
34%
Certified Hitmaker Bands Out Tha Roof
33%
Single #5 Enough
32%
Certified Hitmaker My Dues
31%
Single #2 Jumpin Out the Face
30%
Certified Hitmaker Back At It
28%
Certified Hitmaker Focus On Me
28%
Single #3 Holy Water
28%
Single #9 Falling
27%
Single #8 Not the Same God as Mine
21%
Single Only the Team
20%
Single #10 Breathin Again
18%
Music from "Sponge on the Run" Krabby Step
18%
Single #4 We Outside
15%
Single #6 We Try
2%
No matching quizzes found
Score Distribution
Percent of People with Each Score
Percentile by Number Answered
Your Score History
You have not taken this quiz since the last reset